| 000 | 00521nam a2200169 a 4500 | ||
|---|---|---|---|
| 001 | 000047443 | ||
| 005 | 20201002060537.0 | ||
| 008 | 180529s2016 dr 000 spa d | ||
| 020 | _a9789945585223 | ||
| 040 |
_aDO-SdBNP _bspa _cBNPHU |
||
| 082 |
_axxx _bG377 |
||
| 110 | 1 |
_aRepública Dominicana. _bPoder Judicial _cDirección de Familia, Niñez, Adolescencia y Género. _975076 |
|
| 245 | 0 | _aGénero. | |
| 260 |
_aSanto Domingo : _bPoder Judicial, _c2016. |
||
| 300 |
_a70 p. ; _c28 cm. |
||
| 590 | _aInventariado, 2018/DG | ||
| 999 |
_c46931 _d46931 |
||